000 00676nam a2200217Ia 4500
005 20241129111157.0
008 241129s9999||||xx |||||||||||||| ||und||
020 _a978-1-032-34680-9
037 _aTB
040 _aCRL
_beng
_cCRL
041 _aeng
_2eng
084 _aS:(Y:43):86 R3
_qCRL
100 _aBalan Duygu Au.; Balan Yener Au.
_9723534
245 0 _aRe - write: a trauma workbook of creative writing and recovery in our new normal
_cBalan Duygu Au.; Balan Yener Au.
260 _aLondon, UK
_bRoutledge
_c2023
300 _axxix,236p.
365 _aUKP
_b38.99
650 _aPsychology
942 _cTB
_hS:(Y:43):86 R3
999 _c1229269
_d1229269